Building and construction (Record no. 111890)

MARC details
000 -LEADER
fixed length control field 01357cad a22001935a 4500
001 - CONTROL NUMBER
control field L152138
008 - FIXED-LENGTH DATA ELEMENTS--GENERAL INFORMATION
fixed length control field 110202s2010 xxk f 000 0 eng d
035 ## - SYSTEM CONTROL NUMBER
System control number (Sirsi) u152138
041 0# - LANGUAGE CODE
Language code of text/sound track or separate title eng
110 2# - MAIN ENTRY--CORPORATE NAME
Corporate name or jurisdiction name as entry element Office for National Statistics
9 (RLIN) 2210
245 00 - TITLE STATEMENT
Title Building and construction
Remainder of title UK national statistics publication hub
Medium [electronic resource]
260 ## - PUBLICATION, DISTRIBUTION, ETC.
Place of publication, distribution, etc. Newport
Name of publisher, distributor, etc. ONS
Date of publication, distribution, etc. 2010
520 ## - SUMMARY, ETC.
Summary, etc. Topic guide to ONS statistics for the construction industry; current and past editions and a calendar for future releases for the following publications - adjustments for measured term contracts; building price and cost indices; construction statistics; green belt statistics, England; monthly statistics of building materials and components; new orders in the construction industry; Northern Ireland annual business inquiry; Northern Ireland construction bulletin; output and employment in the construction industry; output in the construction industry; price adjustment formulae for construction contracts; regional variations in construction statistics.
590 ## - LOCAL NOTE (RLIN)
Local note KA NTK
651 #4 - SUBJECT ADDED ENTRY--GEOGRAPHIC NAME
Geographic name United Kingdom
Chronological subdivision
690 ## - LOCAL SUBJECT ADDED ENTRY--TOPICAL TERM (OCLC, RLIN)
Topical term or geographic name as entry element BUILT ENVIRONMENT-CONSTRUCTION MARKET
856 40 - ELECTRONIC LOCATION AND ACCESS
Uniform Resource Identifier <a href="https://www.statistics.gov.uk/hub/business-energy/production-industries/building-and-construction/index.html">https://www.statistics.gov.uk/hub/business-energy/production-industries/building-and-construction/index.html</a>
Public note View this item free of charge at www.statistics.gov.uk
942 ## - ADDED ENTRY ELEMENTS (KOHA)
Suppress in OPAC 0
Holdings
Withdrawn status Lost status Source of classification or shelving scheme Damaged status Not for loan Home library Current library Shelving location Date acquired Total Checkouts Full call number Barcode Date last seen Copy number Price effective from Koha item type
    Dewey Decimal Classification     Virtual Virtual Online 02/02/2011   ONLINE PUBLICATION 152138-1001 06/08/2019 1 06/08/2019 Book